000 00708nam a22002417a 4500
001 BR6002513
003 BR-BrBNA
005 20240527170026.0
008 230509b bl.||||| |||| 00| 0 por d
040 _aBR-BrBNA
_bpor
041 _a(Por)
072 _aB10
090 _aB10
_bBR6002513
110 1 _aMinisterio da Agricultura, Brasilia, DF (Brasil). Escritorio Central de Planejamento e Controle
_96800
245 1 _aDivisão do Brasil segundo as microrregiões homogêneas /
260 3 _aBrasilia, DF (Brasil):
_c1969.
300 _avp.
650 _aGeografia
650 _aRegiao Fisiografica
909 _a05/2024
_bSARAH
942 _cBK
999 _c57708
_d57708